สาร สนช. (ระเบียนเลขที่ 93573)
| 000 -LEADER | |
|---|---|
| fixed length control field | 00318nam a2200145 4500 |
| 003 - CONTROL NUMBER IDENTIFIER | |
| control field | NALT |
| 005 - DATE AND TIME OF LATEST TRANSACTION | |
| control field | 20210325215548.0 |
| 008 - FIXED-LENGTH DATA ELEMENTS--GENERAL INFORMATION | |
| fixed length control field | 170830b th ||||| |||| 00| 0 tha d |
| 022 ## - INTERNATIONAL STANDARD SERIAL NUMBER | |
| International Standard Serial Number | 08586993 |
| 040 ## - CATALOGING SOURCE | |
| Original cataloging agency | NALT |
| 245 ## - TITLE STATEMENT | |
| Title | สาร สนช. |
| 850 ## - HOLDING INSTITUTION | |
| Holding institution | NALT |
| 942 ## - ADDED ENTRY ELEMENTS (KOHA) | |
| Koha item type | Journal/Magazine |
| Source of classification or shelving scheme | Library of Congress Classification |
ไม่มีตัวเล่มให้บริการ
